Management Development im Wandel

Gespeichert in:
Bibliographische Detailangaben
Weitere Verfasser: Kraus, Herbert
Format: Buch
Sprache:Deutsch
Veröffentlicht: Wien MANZ 1990
Ausgabe:1. Aufl.
Tags: Tag hinzufügen
Keine Tags, Fügen Sie das erste Tag hinzu!

MARC

LEADER 00000nam a2200000 4500
001 c024783
005 20221215124644.9
041 0 |a ger 
044 |a AT 
245 1 0 |a Management Development im Wandel  |c Red. Herbert Kraus 
250 |a 1. Aufl. 
264 1 |a Wien  |b MANZ  |c 1990 
300 |a 228 s. 
700 1 |a Kraus, Herbert